1230 1453 1509 1282 1718 1484 1752 1011 1464 1079 1218 1700 1201 1960 1971 1147 1439 1819 1262 1795 1030 1857 1787 1449 1505 1334 1008 1333 1731 1778 1187 1903 1526 1574 1823 1769 1647 1635 1493 1684 1612 1721 1053 1830 1346 1486 1533 1160 1110 1848 1103 1787 1241 1183 1506 1731 1886 1738 1505 1723 1175 1384 1598 1768 1279 1642 1231 1132 1852 1205 1183 1476 1387 1008 1782 1743 1941 1667 1672 1247 1048 1334 1318 1751 1783 1528 1892 1036 1218 1171 1777 1958 1041 1255 1057 1666 1391 1386 1466 BCNSPRNW ULIB Ver.6.0+V

เปลี่ยนเป็นภาษาไทย

Change to English
 แสดงรายละเอียดบรรณานุกรม
  กลับหน้าหลัก

Brief Record : Get Marc (ISO 2709) : E-mail record : QR code < ปิดหน้าต่าง
LEADER : 00000nam 2200000uu 4500
001    13399108341
003     ULIB
008    110301s2549||||th 000 0 tha d
020    9741335113
060 04 WY105^bก446 2549
245 00 การจัดการทางการพยาบาลเพื่อความปลอดภัย /^cเพ็ญจันทร์แสนประสาน ... [และคนอื่นๆ]
250    พิมพ์ครั้งที่ 3
260    กรุงเทพฯ :^bสุขุมวิทการพิมพ์,^c2549
300    ก-ข, 318 หน้า :^bภาพประกอบ ;^c26 ซม.
650  7 การพยาบาล
650  7 ประกันคุณภาพ
700 0  เพ็ญจันทร์ แสนประสาน
945    ^p250^l0^i022441
995    ทศพร
999 ^a ใช้งานได้ทุกระบบ
รายการนี้ยังไม่มีแท็ก
คุณยังไม่ได้ล็อกอิน คุณสามารถมีกิจกรรมร่วมกับเว็บไซต์ได้ แต่ต้องล็อกอินก่อน ::
  ล็อกอิน

รายการสื่อสารสนเทศ

ลำดับที่ ประเภท เลขเรียก/บาร์โค้ด สถานที่ สถานะ
- ไม่พบข้อมูล -

รายการใกล้เคียง
    หัวเรื่อง [การพยาบาล]
    หัวเรื่อง [ประกันคุณภาพ]

BibComment


ยังไม่เคยถูกคอมเมนท์

คอมเมนท์ทรัพยากรรายการนี้
  คอมเมนท์: การจัดการทางการพย..


 Copyright 2026. Bcnsprnw @Library